English 12 Student's book
Đã lưu trong:
| 主要作者: | |
|---|---|
| 格式: | 图书 |
| 语言: | Undetermined |
| 出版: |
Hà Nội
Giáo Dục
1999
|
| 主题: | |
| 标签: |
添加标签
没有标签, 成为第一个标记此记录!
|
| Thư viện lưu trữ: | Trung tâm Học liệu Trường Đại học Cần Thơ |
|---|
| LEADER | 00584nam a2200217Ia 4500 | ||
|---|---|---|---|
| 001 | CTU_39714 | ||
| 008 | 210402s9999 xx 000 0 und d | ||
| 020 | |c 4200 | ||
| 082 | |a 428.0071 | ||
| 082 | |b T550/L12 | ||
| 100 | |a Tứ Anh | ||
| 245 | 0 | |a English 12 | |
| 245 | 0 | |b Student's book | |
| 245 | 0 | |c Tú Anh, May Vi Phương, Phan Hà | |
| 260 | |a Hà Nội | ||
| 260 | |b Giáo Dục | ||
| 260 | |c 1999 | ||
| 650 | |a English language | ||
| 650 | |x Study and teaching ( secondary ) | ||
| 904 | |i Huỳnh Mai | ||
| 980 | |a Trung tâm Học liệu Trường Đại học Cần Thơ | ||